000 01296njm a2200313Ia 4500
001 20547
003 IT-RoPAU
005 20220918181151.0
008 131025s9999 xx 000 0 und d
040 _aIT-RoPAU
040 _cIT-RoPAU
041 _aITALIANO
999 _c102151
_d102151
999 _bn.d.
100 _aDi Mario Angelo
_9853
100 _eAutore musica
_92088
100 _gCodice autore musica SPICS: 10868
_9855
245 _aNatale ancora
250 _a1a ed.
260 _aALBANO
260 _bEP - MUSICALI E DISCOGRAFICHE
_c1985 [1a Ed.:1985 - Ed. Lingua Orig.: 1985]
300 _aMUSICASSETTA
300 _c40 minuti (Testo: pag.)
500 _aCanti natalizi per bambini
505 _aBabbo Natale - La verità del Natale - L'alberello di Natale - Din don dan di Natale - Sogni di Natale - Guarda il cielo - Luci di Natale - Bianco Natale - Preghiera di Natale - La canzone di Natale - Un lampione sopra il tetto - Una stellina alla finestra - Le vacanze di Natale - Filastrocca di Natale - E' tornata la Befana
650 _aRELIGIOSO [CASSETTE]
_eCodice MATERIA SPICS: 9951
_9785
700 _aDi Mario Angelo
_gCodice autore SPICS: 10868
_eAutore
_92089
700 _aTombolato Pino
_eAutore testo e musica
_gCodice autore testo/musica SPICS: 10145
_92090
942 _cMC
_2ddc